[Event "Asia-ch"]
[Site "Al Ain"]
[Date "2025.05.12"]
[Round "6"]
[White "Bakhrillaev, Bakhrom"]
[Black "Sakline Mostafa, Sajid"]
[Result "1-0"]
[WhiteElo "2407"]
[BlackElo "2234"]
[PlyCount "79"]
[EventDate "2025.05.07"]
[EventType "swiss"]
[EventRounds "9"]
[EventCountry "UAE"]
[SourceTitle "CB21_2025"]
[SourceDate "2025.05.21"]
[SourceVersion "1"]
[SourceVersionDate "2025.05.21"]
[SourceQuality "1"]

1. e4 c5 2. Nf3 Nc6 3. Bb5 Nf6 4. Qe2 g6 5. 0-0 Bg7 6. c3 0-0 7. d4 cxd4 8. cxd4 d5 9. e5 Ne4 10. Rd1 Qb6 11. Be3 Bd7 12. Na3 f5 13. exf6 exf6 14. Rac1 Rae8 15. Ba4 a6 16. Nb1 Qb4 17. Bb3 Qd6 18. Nc3 Nxc3 19. Rxc3 Na5 20. Rdc1 Nxb3 21. Rxb3 Bc6 22. Qd2 g5 23. Ne1 Rc8 24. Nd3 Bb5 25. Rbc3 Rxc3 26. Qxc3 h6 27. Qc5 Qe6 28. Nb4 Rd8 29. Qc7 Rd7 30. Qc8+ Kf7 31. Rc7 a5 32. Rxb7 axb4 33. Rxb5 Bf8 34. Rb8 Qd6 35. Rxb4 f5 36. Rb7 Rxb7 37. Qxb7+ Kg6 38. Qb5 Qe6 39. Qd3 Bd6 40. g4 1-0

[Event "Asia-ch Blitz"]
[Site "Al Ain"]
[Date "2025.05.10"]
[Round "8"]
[White "Ashikmamutov, Saidkhon"]
[Black "Bakhrillaev, Bakhrom"]
[Result "0-1"]
[WhiteElo "2046"]
[BlackElo "2407"]
[PlyCount "142"]
[EventDate "2025.05.10"]
[EventType "swiss (blitz)"]
[EventRounds "9"]
[EventCountry "UAE"]
[SourceTitle "CB20_2025"]
[SourceDate "2025.05.14"]
[SourceVersion "1"]
[SourceVersionDate "2025.05.14"]
[SourceQuality "1"]

1. e4 c5 2. Nf3 g6 3. c3 d5 4. exd5 Qxd5 5. d4 Bg7 6. Be3 cxd4 7. cxd4 Nf6 8. Nc3 Qa5 9. Bc4 0-0 10. 0-0 Nbd7 11. a3 Nb6 12. Ba2 Nbd5 13. Nxd5 Nxd5 14. b4 Qd8 15. Qb3 Nb6 16. Rfd1 Be6 17. Qd3 Bxa2 18. Rxa2 Nd5 19. Rc2 Qd7 20. Rdc1 Rfc8 21. h3 Rxc2 22. Qxc2 Qe6 23. Qb3 Rd8 24. b5 Qf5 25. Rc5 b6 26. Rc6 Bf6 27. a4 Kg7 28. Qc2 Qxc2 29. Rxc2 Rd7 30. Kf1 Rc7 31. Rxc7 Nxc7 32. Ke2 Kf8 33. Kd3 Ke8 34. Kc4 Kd7 35. Bf4 e6 36. g4 Kc8 37. Bxc7 Kxc7 38. d5 Kd6 39. dxe6 Kxe6 40. Kd3 h6 41. Ke4 Kd6 42. Kd3 Kc5 43. h4 Kb4 44. g5 hxg5 45. hxg5 Bg7 46. Ne1 Kxa4 47. Kc4 Ka5 48. Nd3 a6 49. bxa6 Kxa6 50. Nb4+ Ka5 51. Nc6+ Ka4 52. Na7 Bf8 53. Nb5 Bc5 54. f3 Be3 55. Nd6 Bxg5 56. Nxf7 b5+ 57. Kc3 Bf6+ 58. Kc2 Kb4 59. Nd6 Be5 60. Ne4 Kc4 61. Ng5 Kd4 62. Nf7 Bf6 63. Nd6 b4 64. Kb3 Ke3 65. Nc8 Bc3 66. Nb6 Kxf3 67. Nd5 g5 68. Ne7 Ke4 69. Kc4 g4 70. Ng6 Bf6 71. Kxb4 g3 0-1

[Event "Asia-ch"]
[Site "Al Ain"]
[Date "2025.05.09"]
[Round "3"]
[White "Idani, Pouya"]
[Black "Bakhrillaev, Bakhrom"]
[Result "1/2-1/2"]
[WhiteElo "2630"]
[BlackElo "2407"]
[PlyCount "60"]
[EventDate "2025.05.07"]
[EventType "swiss"]
[EventRounds "9"]
[EventCountry "UAE"]
[SourceTitle "CB21_2025"]
[SourceDate "2025.05.21"]
[SourceVersion "1"]
[SourceVersionDate "2025.05.21"]
[SourceQuality "1"]

1. d4 Nf6 2. Nf3 d5 3. e3 c5 4. Nbd2 Nc6 5. c3 cxd4 6. exd4 Qc7 7. Bd3 Bg4 8. 0-0 e6 9. Re1 Bd6 10. Nf1 0-0 11. Bg5 Bh5 12. h3 Kh8 13. Bh4 Qb6 14. b3 Bg6 15. Bxg6 hxg6 16. Bxf6 gxf6 17. c4 dxc4 18. bxc4 Qa6 19. Re4 Qxc4 20. Ne3 Qa6 21. d5 exd5 22. Rh4+ Kg7 23. Ra4 Qb6 24. Nh4 Ne7 25. Nef5+ Nxf5 26. Nxf5+ gxf5 27. Rg4+ fxg4 28. Qxg4+ Kh7 29. Qh5+ Kg7 30. Qg4+ Kh7 1/2-1/2

[Event "Almaty zt 3.4"]
[Site "Almaty"]
[Date "2025.04.02"]
[Round "1"]
[White "Kurbanbaev, Zalkar"]
[Black "Bakhrillaev, Bakhrom"]
[Result "1/2-1/2"]
[WhiteElo "2031"]
[BlackElo "2391"]
[PlyCount "118"]
[EventDate "2025.04.02"]
[EventType "swiss"]
[EventRounds "9"]
[EventCountry "KAZ"]
[SourceTitle "CB15_2025"]
[SourceDate "2025.04.09"]
[SourceVersion "1"]
[SourceVersionDate "2025.04.09"]
[SourceQuality "1"]

1. e4 e5 2. Nf3 Nc6 3. Bb5 a6 4. Ba4 Nf6 5. 0-0 b5 6. Bb3 Bc5 7. c3 d6 8. d4 Bb6 9. a4 Rb8 10. a5 Ba7 11. h3 Bb7 12. Re1 0-0 13. Be3 exd4 14. cxd4 Nb4 15. Nc3 Bxe4 16. Nxe4 Nxe4 17. Rc1 c5 18. Bf4 Nf6 19. dxc5 Bxc5 20. Nd4 Qxa5 21. Nf5 Qb6 22. Bg3 Rbe8 23. Qd2 h6 24. Nxh6+ gxh6 25. Qxh6 d5 26. Qg5+ Kh8 27. Bc7 Bxf2+ 28. Kh1 Nh7 29. Rxe8 Rxe8 30. Bxb6 Nxg5 31. Bxf2 Re2 32. Bd4+ Kh7 33. Bc3 a5 34. Bxb4 axb4 35. Bxd5 Rxb2 36. Rc5 Re2 37. Rxb5 Re5 38. Bc4 Rxb5 39. Bxb5 b3 40. Bd3+ Kg7 41. Kg1 Ne6 42. Kf2 Nf4 43. Be4 b2 44. Ke3 Nxg2+ 45. Kd2 Nf4 46. Kc2 Nxh3 47. Kxb2 Kh6 48. Kc3 Kg5 49. Bd5 f6 50. Be6 Nf2 51. Kd2 Kf4 52. Ke2 Ne4 53. Bc8 Nd6 54. Bd7 Nc4 55. Kf2 Nb6 56. Be6 Ke5 57. Bh3 Kf4 58. Be6 f5 59. Bxf5 Kxf5 1/2-1/2

[Event "Qatar Masters op-A"]
[Site "Doha"]
[Date "2024.12.12"]
[Round "9"]
[White "Bakhrillaev, Bakhrom"]
[Black "Priansh, Das"]
[Result "1-0"]
[WhiteElo "2369"]
[BlackElo "2311"]
[PlyCount "77"]
[EventDate "2024.12.03"]
[EventType "swiss"]
[EventRounds "9"]
[EventCountry "QAT"]
[SourceTitle "CB51_2024"]
[SourceDate "2024.12.18"]
[SourceVersion "1"]
[SourceVersionDate "2024.12.18"]
[SourceQuality "1"]

1. d4 Nf6 2. c4 g6 3. Nc3 Bg7 4. e4 d6 5. Be2 0-0 6. Be3 c5 7. d5 e6 8. Nf3 exd5 9. cxd5 a6 10. a4 Bg4 11. Nd2 Bxe2 12. Qxe2 Nbd7 13. 0-0 Rb8 14. a5 Re8 15. h3 Qc7 16. Ra4 h6 17. Kh1 Re7 18. f4 Rbe8 19. e5 dxe5 20. f5 b5 21. axb6 Nxb6 22. d6 Qxd6 23. Rxa6 Qc7 24. fxg6 fxg6 25. Rxf6 Bxf6 26. Nc4 Re6 27. Rxb6 Rxb6 28. Nd5 Qc6 29. Ncxb6 Bg7 30. Qc4 Kh7 31. Qxc5 Qb7 32. b4 Qf7 33. Nc7 Rd8 34. Nbd5 e4 35. b5 Qf1+ 36. Bg1 Rf8 37. Ne3 Qf7 38. b6 Rd8 39. Qc4 1-0

[Event "Tashkent President op 3rd"]
[Site "Tashkent"]
[Date "2024.11.28"]
[Round "8"]
[White "Suyarov, Mukhammadzokhid"]
[Black "Bakhrillaev, Bakhrom"]
[Result "1-0"]
[WhiteElo "2464"]
[BlackElo "2369"]
[PlyCount "81"]
[EventDate "2024.11.21"]
[EventType "swiss"]
[EventRounds "9"]
[EventCountry "UZB"]
[SourceTitle "CB49_2024"]
[SourceDate "2024.12.04"]
[SourceVersion "1"]
[SourceVersionDate "2024.12.04"]
[SourceQuality "1"]

1. b3 e5 2. Bb2 Nc6 3. e3 d5 4. Bb5 Bd6 5. f4 f6 6. Nc3 a6 7. Bxc6+ bxc6 8. Qh5+ g6 9. Qh4 h5 10. fxe5 fxe5 11. Qxd8+ Kxd8 12. Nf3 Nh6 13. Na4 Re8 14. c4 e4 15. Nd4 Bd7 16. c5 Be7 17. 0-0 Kc8 18. b4 Nf5 19. Nxf5 Bxf5 20. Bd4 a5 21. a3 Kd7 22. Nc3 Reb8 23. Rab1 axb4 24. axb4 Rb7 25. Rb2 Rab8 26. Rfb1 g5 27. h3 g4 28. Kh2 Bg5 29. Ne2 Ke7 30. Ng3 Bg6 31. hxg4 hxg4 32. Ne2 Bh4 33. Be5 Rf8 34. Nd4 Be8 35. b5 Bf6 36. Bxf6+ Rxf6 37. b6 Bd7 38. bxc7 Rxc7 39. Kg3 Ra7 40. Rh1 Ra5 41. Rb7 1-0

[Event "Tashkent President op 3rd"]
[Site "Tashkent"]
[Date "2024.11.21"]
[Round "1"]
[White "Nihal, Sarin"]
[Black "Bakhrillaev, Bakhrom"]
[Result "1-0"]
[WhiteElo "2676"]
[BlackElo "2369"]
[PlyCount "77"]
[EventDate "2024.11.21"]
[EventType "swiss"]
[EventRounds "9"]
[EventCountry "UZB"]
[SourceTitle "CB49_2024"]
[SourceDate "2024.12.04"]
[SourceVersion "1"]
[SourceVersionDate "2024.12.04"]
[SourceQuality "1"]

1. d4 Nf6 2. Nf3 e6 3. Bg5 d5 4. e3 Be7 5. c4 dxc4 6. Bxc4 c5 7. 0-0 cxd4 8. Nxd4 0-0 9. Nc3 Bd7 10. Qe2 Nc6 11. Rfd1 Ne5 12. Bb3 Qa5 13. Ne4 Neg4 14. Bc2 h6 15. Bh4 Rfe8 16. Nc3 Rad8 17. Bg3 Ne5 18. Nb3 Qc7 19. Rd4 Bc6 20. Rad1 Nd5 21. Qh5 f5 22. Bxf5 exf5 23. Nxd5 Bxd5 24. Rxd5 Bf6 25. Qxf5 Rxd5 26. Rxd5 Qc4 27. Rxe5 Bxe5 28. Bxe5 Qe2 29. h4 Rf8 30. Qe6+ Kh7 31. Bg3 Qxb2 32. Nd4 Rf6 33. Qe4+ Kh8 34. Qd5 Ra6 35. Be5 Qb1+ 36. Kh2 Rg6 37. Ne6 Rg4 38. Qd8+ Kh7 39. h5 1-0

[Event "Pavlodar op"]
[Site "Pavlodar"]
[Date "2024.10.17"]
[Round "6"]
[White "Bakhrillaev, Bakhrom"]
[Black "Lou, Yiping"]
[Result "1/2-1/2"]
[WhiteElo "2386"]
[BlackElo "2451"]
[PlyCount "70"]
[EventDate "2024.10.13"]
[EventType "swiss"]
[EventRounds "10"]
[EventCountry "KAZ"]
[SourceTitle "CB43_2024"]
[Source "Chessbase"]
[SourceDate "2024.10.23"]
[SourceVersion "1"]
[SourceVersionDate "2024.10.23"]
[SourceQuality "1"]

1. e4 c5 2. Nf3 e6 3. d4 cxd4 4. Nxd4 a6 5. Bd3 Bc5 6. Nf3 d6 7. 0-0 Nc6 8. Qe2 Nf6 9. h3 0-0 10. c3 Qc7 11. Nbd2 Nh5 12. Qd1 Nf4 13. Nb3 Nxd3 14. Qxd3 Ba7 15. Be3 b6 16. a4 Bb7 17. Rfd1 Rad8 18. a5 b5 19. Bxa7 Nxa7 20. Nbd4 Nc8 21. Nc2 Ne7 22. Nb4 h6 23. Qe2 Ng6 24. Qe3 Qc5 25. Rd3 Qxe3 26. Rxe3 f6 27. Rd1 Kf7 28. Ra1 Rc8 29. Kf1 Nf4 30. Nd4 g5 31. Rd1 Ke7 32. Ndc2 h5 33. Nd3 Rc4 34. f3 Ng6 35. Ncb4 Rg8 1/2-1/2

[Event "Pavlodar op"]
[Site "Pavlodar"]
[Date "2024.10.16"]
[Round "4"]
[White "Suleymenov, Alisher"]
[Black "Bakhrillaev, Bakhrom"]
[Result "1-0"]
[WhiteElo "2520"]
[BlackElo "2386"]
[PlyCount "71"]
[EventDate "2024.10.13"]
[EventType "swiss"]
[EventRounds "10"]
[EventCountry "KAZ"]
[SourceTitle "CB43_2024"]
[Source "Chessbase"]
[SourceDate "2024.10.23"]
[SourceVersion "1"]
[SourceVersionDate "2024.10.23"]
[SourceQuality "1"]

1. e4 e5 2. Nf3 Nc6 3. Bb5 a6 4. Ba4 Nf6 5. 0-0 Be7 6. Re1 b5 7. Bb3 d6 8. c3 0-0 9. h3 Nb8 10. d4 Nbd7 11. c4 Bb7 12. Nc3 c6 13. a3 Re8 14. Be3 exd4 15. Bxd4 Bf8 16. cxb5 axb5 17. Bxf7+ Kxf7 18. Ng5+ Kg8 19. Qb3+ d5 20. exd5 Nxd5 21. Nxd5 cxd5 22. Ne6 Rxe6 23. Rxe6 b4 24. Qe3 bxa3 25. bxa3 Ba6 26. a4 Bc4 27. a5 Kf7 28. a6 Nc5 29. Rc6 Qd7 30. Rxc5 Bxc5 31. Qf4+ Kg6 32. Qg3+ Kh5 33. Bxc5 Rxa6 34. Re1 g5 35. Qf3+ Kh4 36. g3+ 1-0

[Event "Titled Tuesday intern op 17th Sep Early"]
[Site "Chess,com INT"]
[Date "2024.09.17"]
[Round "9"]
[White "Ser, Daniel"]
[Black "Bakhrillaev, Bakhrom"]
[Result "1-0"]
[WhiteElo "2017"]
[BlackElo "2386"]
[PlyCount "37"]
[EventDate "2024.09.17"]
[EventType "swiss (blitz)"]
[EventRounds "11"]
[EventCountry "USA"]
[SourceTitle "EXT 2025"]
[Source "ChessBase"]
[SourceDate "2024.10.14"]
[SourceVersion "1"]
[SourceVersionDate "2024.10.14"]
[SourceQuality "1"]

1. d4 Nf6 2. Bf4 d5 3. e3 c5 4. Nf3 Nc6 5. Nbd2 Qb6 6. dxc5 Qxb2 7. Rb1 Qc3 8. Bb5 Qxc5 9. 0-0 Bd7 10. c4 dxc4 11. Bxc4 Na5 12. Be2 Nd5 13. Ne4 Qc6 14. Bb5 Qe6 15. Bxd7+ Qxd7 16. Ne5 Qe6 17. Ng5 Qf5 18. Qxd5 e6 19. Qxa5 1-0

[Event "Titled Tuesday intern op 10th Sep Early"]
[Site "Chess,com INT"]
[Date "2024.09.10"]
[Round "5"]
[White "Bakhrillaev, Bakhrom"]
[Black "Tan, Jun Hao"]
[Result "1/2-1/2"]
[WhiteElo "2386"]
[BlackElo "1935"]
[PlyCount "74"]
[EventDate "2024.09.10"]
[EventType "swiss (blitz)"]
[EventRounds "11"]
[EventCountry "USA"]
[SourceTitle "EXT 2025"]
[Source "ChessBase"]
[SourceDate "2024.10.14"]
[SourceVersion "1"]
[SourceVersionDate "2024.10.14"]
[SourceQuality "1"]

1. Nf3 e6 2. c4 Nf6 3. Nc3 Bb4 4. Qc2 0-0 5. b3 d5 6. e3 c5 7. Bb2 d4 8. Na4 e5 9. a3 e4 10. axb4 d3 11. Qb1 exf3 12. gxf3 cxb4 13. Bxd3 Bh3 14. Rg1 g6 15. Rg3 Bd7 16. Ke2 Nh5 17. Rg1 a6 18. Bxg6 fxg6 19. Rxg6+ Kf7 20. Rh6 Qg5 21. Rxh7+ Ke8 22. Qe4+ Kd8 23. Qxb7 Qf5 24. Qxa8 Qxh7 25. Qxb8+ Ke7 26. Qe5+ Kd8 27. Qa5+ Ke8 28. Qe5+ Kd8 29. Bd4 Bc6 30. Bb6+ Kc8 31. Bc5 Bxf3+ 32. Ke1 Qd3 33. Qe6+ Kb7 34. Qb6+ Kc8 35. Qe6+ Kb7 36. Qe7+ Kc6 37. Qe6+ Kb7 1/2-1/2

[Event "Titled Tuesday intern op 10th Sep Early"]
[Site "Chess,com INT"]
[Date "2024.09.10"]
[Round "3"]
[White "Makarian, Rudik"]
[Black "Bakhrillaev, Bakhrom"]
[Result "1-0"]
[WhiteElo "2550"]
[BlackElo "2386"]
[PlyCount "63"]
[EventDate "2024.09.10"]
[EventType "swiss (blitz)"]
[EventRounds "11"]
[EventCountry "USA"]
[SourceTitle "EXT 2025"]
[Source "ChessBase"]
[SourceDate "2024.10.14"]
[SourceVersion "1"]
[SourceVersionDate "2024.10.14"]
[SourceQuality "1"]

1. Nf3 Nf6 2. c4 e6 3. Nc3 d5 4. d4 Bb4 5. Qa4+ Nc6 6. Bd2 0-0 7. a3 Bxc3 8. Bxc3 Ne4 9. Qc2 Nxc3 10. Qxc3 dxc4 11. e3 b5 12. a4 b4 13. Qxc4 Bb7 14. Rc1 Qd6 15. Qc5 Rfc8 16. Be2 Nb8 17. 0-0 Nd7 18. Qa5 Bd5 19. Ba6 Rd8 20. Nd2 Qb6 21. Qxb6 axb6 22. Bb5 Ra7 23. Rfd1 f6 24. b3 Kf7 25. Bc6 Ke7 26. f3 Bxc6 27. Rxc6 Nb8 28. Rc4 c5 29. dxc5 Rad7 30. c6 Rxd2 31. Rxd2 Rxd2 32. c7 1-0

[Event "Titled Tuesday intern op 10th Sep Early"]
[Site "Chess,com INT"]
[Date "2024.09.10"]
[Round "2"]
[White "Swara, Lakshmi S Nair"]
[Black "Bakhrillaev, Bakhrom"]
[Result "0-1"]
[WhiteElo "2018"]
[BlackElo "2386"]
[PlyCount "73"]
[EventDate "2024.09.10"]
[EventType "swiss (blitz)"]
[EventRounds "11"]
[EventCountry "USA"]
[SourceTitle "EXT 2025"]
[Source "ChessBase"]
[SourceDate "2024.10.14"]
[SourceVersion "1"]
[SourceVersionDate "2024.10.14"]
[SourceQuality "1"]

1. e4 e5 2. Nf3 Nc6 3. Bb5 a6 4. Ba4 Nf6 5. 0-0 Nxe4 6. Re1 Nc5 7. Bxc6 dxc6 8. d4 Ne6 9. Nxe5 Be7 10. c3 0-0 11. Nd2 c5 12. Ndf3 cxd4 13. cxd4 Qd5 14. Be3 b6 15. Qc2 Bb7 16. Rad1 Qxa2 17. Qf5 Qd5 18. Qh3 Rad8 19. Nd3 Bc8 20. Qg3 Bd6 21. Nf4 Qf5 22. Nh4 Qf6 23. Nd5 Bxg3 24. Nxf6+ gxf6 25. hxg3 Rd5 26. Nf3 Rfd8 27. Rc1 a5 28. Rc2 Ba6 29. Rec1 Bd3 30. Rc3 Be4 31. Nd2 Bg6 32. Kf1 Nxd4 33. Bxd4 Rxd4 34. Nb3 Rb4 35. Ke2 a4 36. Nd2 Rxb2 37. Rd3 0-1

[Event "Abu Dhabi op-A 30th"]
[Site "Abu Dhabi"]
[Date "2024.08.24"]
[Round "9"]
[White "Rohit, Krishna S"]
[Black "Bakhrillaev, Bakhrom"]
[Result "1/2-1/2"]
[WhiteElo "2472"]
[BlackElo "2344"]
[PlyCount "53"]
[EventDate "2024.08.15"]
[EventType "swiss"]
[EventRounds "9"]
[EventCountry "UAE"]
[SourceTitle "EXT 2025"]
[Source "ChessBase"]
[SourceDate "2024.10.14"]
[SourceVersion "1"]
[SourceVersionDate "2024.10.14"]
[SourceQuality "1"]

1. d4 Nf6 2. c4 e6 3. Nf3 d5 4. Nc3 Bb4 5. Qa4+ Nc6 6. e3 0-0 7. Bd2 dxc4 8. Bxc4 Bd6 9. h3 e5 10. dxe5 Nxe5 11. Nxe5 Bxe5 12. 0-0-0 Qe7 13. Rhe1 Be6 14. f4 Bxc3 15. Bxc3 Bxc4 16. Qxc4 Qe4 17. Qb3 Rad8 18. Bxf6 gxf6 19. Qc2 Rxd1+ 20. Qxd1 Re8 21. Qc2 Qb4 22. Re2 Re6 23. Kb1 Rc6 24. Qd3 Rd6 25. Qc2 Rc6 26. Qd3 Rd6 27. Qc2 1/2-1/2

[Event "Abu Dhabi op-A 30th"]
[Site "Abu Dhabi"]
[Date "2024.08.23"]
[Round "8"]
[White "Bakhrillaev, Bakhrom"]
[Black "Jubin, Jimmy"]
[Result "1-0"]
[WhiteElo "2344"]
[BlackElo "2441"]
[PlyCount "107"]
[EventDate "2024.08.15"]
[EventType "swiss"]
[EventRounds "9"]
[EventCountry "UAE"]
[SourceTitle "EXT 2025"]
[Source "ChessBase"]
[SourceDate "2024.10.14"]
[SourceVersion "1"]
[SourceVersionDate "2024.10.14"]
[SourceQuality "1"]

1. Nf3 Nf6 2. c4 c5 3. Nc3 Nc6 4. g3 g6 5. Bg2 Bg7 6. 0-0 0-0 7. d4 d6 8. d5 Na5 9. Nd2 a6 10. a4 Bd7 11. Rb1 Rb8 12. Qc2 b5 13. b3 bxc4 14. bxc4 Rxb1 15. Ncxb1 Qb6 16. Ba3 Rb8 17. Nc3 Qc7 18. h3 Be8 19. Rc1 Nd7 20. e3 Nb6 21. Bf1 Qd7 22. Bb2 Qc7 23. Ra1 Qb7 24. Ra2 Nd7 25. Ba3 Qc7 26. Be2 h5 27. f4 Nb6 28. Bb2 Bd7 29. Kh2 Rb7 30. g4 hxg4 31. hxg4 Qb8 32. Nd1 Bxb2 33. Nxb2 Na8 34. Nd3 Nb3 35. Ne4 Qf8 36. Kg2 Nc7 37. Ra3 Qb8 38. Qc3 f5 39. Ng5 e6 40. Bd1 exd5 41. Rxb3 d4 42. exd4 cxd4 43. Qb2 Bc6+ 44. Kf1 Rxb3 45. Bxb3 Be4 46. c5+ Kf8 47. Nxe4 fxe4 48. cxd6 exd3 49. dxc7 Qxc7 50. Qxd4 Qc1+ 51. Kg2 Qd2+ 52. Kh3 Qe2 53. Qd8+ Kg7 54. Qg8+ 1-0

[Event "Abu Dhabi op-A 30th"]
[Site "Abu Dhabi"]
[Date "2024.08.16"]
[Round "2"]
[White "Bakhrillaev, Bakhrom"]
[Black "Abdisalimov, Abdimalik"]
[Result "1/2-1/2"]
[WhiteElo "2344"]
[BlackElo "2544"]
[PlyCount "64"]
[EventDate "2024.08.15"]
[EventType "swiss"]
[EventRounds "9"]
[EventCountry "UAE"]
[SourceTitle "EXT 2025"]
[Source "ChessBase"]
[SourceDate "2024.10.14"]
[SourceVersion "1"]
[SourceVersionDate "2024.10.14"]
[SourceQuality "1"]

1. d4 Nf6 2. c4 e6 3. Nc3 Bb4 4. e3 c5 5. Nge2 b6 6. a3 Ba5 7. Bd2 0-0 8. Rb1 Qe7 9. Ng3 Bb7 10. b4 cxb4 11. axb4 Bxb4 12. Rxb4 Qxb4 13. Nd5 Nxd5 14. Bxb4 Nxb4 15. Be2 a5 16. 0-0 N8a6 17. Qb1 Rac8 18. Ne4 Bxe4 19. Qxe4 d5 20. cxd5 exd5 21. Qe5 Nb8 22. Qd6 N8c6 23. Bg4 Rfd8 24. Qf4 Ra8 25. Qc7 Rdb8 26. Rc1 g6 27. Rxc6 Nxc6 28. Qxc6 a4 29. Qxd5 b5 30. Be6 fxe6 31. Qxe6+ Kh8 32. Qe5+ Kg8 1/2-1/2